Régeni népszokások és hagyományok
Elmentve itt :
| Szerző: | |
|---|---|
| Adatforrás: | Meister |
| Forrásdokumentuma: | Művelődés. - 1 sz., 1995, 30-31 p. |
| Nyelv: | magyar |
| Kulcsszavak: | etnográfia népszokások temetés Szászrégen |
| LEADER | 00413nab a2200157 i 4500 | ||
|---|---|---|---|
| 001 | bibPRO00001036 | ||
| 008 | 060524s1995 xx hun | ||
| 040 | |a Sz1 | ||
| 041 | |a hun | ||
| 100 | 1 | |a BÍRÓ Donát | |
| 245 | 1 | 0 | |a Régeni népszokások és hagyományok |c BÍRÓ Donát |
| 695 | |a etnográfia | ||
| 695 | |a népszokások | ||
| 695 | |a temetés | ||
| 695 | |a Szászrégen | ||
| 773 | 0 | |t Művelődés. - |g 1 sz., 1995, 30-31 p. | |